BIBLIOTECA

SENCICO

Manual de estructuras (Registro nro. 3414)

Detalles MARC
000 -LEADER
fixed length control field 00955nam a2200229Ia 4500
005 - DATE AND TIME OF LATEST TRANSACTION
control field 20251020182613.0
008 - FIXED-LENGTH DATA ELEMENTS--GENERAL INFORMATION
fixed length control field 200515s9999 xx 000 0 und d
082 ## - DEWEY DECIMAL CLASSIFICATION NUMBER
Classification number SC/69.051/G21
100 ## - MAIN ENTRY--PERSONAL NAME
Personal name GALLEGOS VARGAS, Héctor RÍOS, Raúl CASABONNE, Carlos UCELLI, Carlos
245 #0 - TITLE STATEMENT
Title Manual de estructuras
260 ## - PUBLICATION, DISTRIBUTION, ETC.
Place of publication, distribution, etc. Lima
260 ## - PUBLICATION, DISTRIBUTION, ETC.
Date of publication, distribution, etc. 197?
300 ## - PHYSICAL DESCRIPTION
Extent 131
500 ## - GENERAL NOTE
General note está basado esencialmente en las reglamentaciones vigentes del American Concrete Institute y contempla en todos sus aspectos las condiciones sísmicas de la Costa del Pacífico de América
520 ## - SUMMARY, ETC.
Summary, etc. Guía para la preparación de estructuras y como auxiliar durante la etapa de construcción. Este documento es el fruto de la experiencia profesional, a través del diseño y control de obra, del grupo de ingenieros que lo presentan
650 ## - SUBJECT ADDED ENTRY--TOPICAL TERM
Topical term or geographic name entry element ARMADURAS
650 ## - SUBJECT ADDED ENTRY--TOPICAL TERM
Topical term or geographic name entry element CONCRETO
650 ## - SUBJECT ADDED ENTRY--TOPICAL TERM
Topical term or geographic name entry element CURADO
650 ## - SUBJECT ADDED ENTRY--TOPICAL TERM
Topical term or geographic name entry element ESTRUCTURAS
650 ## - SUBJECT ADDED ENTRY--TOPICAL TERM
Topical term or geographic name entry element MANUALES
942 ## - ADDED ENTRY ELEMENTS (KOHA)
Koha item type Libros
Existencias
Fecha de la última vez que lo usaron Pago total Signatura topográfica completa Código de barras Precio efectivo desde Tipo de documento Estado perdido Estado dañado No es para préstamo Retirado Ubicación permanente Ubicación actual Fecha de adquisición
15/05/2020   SC/69.051/G21 Bib-Lima15053414 15/05/2020 Libros         Biblioteca Central Lima Biblioteca Central Lima 15/05/2020